[Event "Ruhrgebiet Verbandsklasse Gruppe 1 1617"]
[Site "Germany"]
[Date "2017.03.12"]
[Round "8.8"]
[White "Dlouhy, Peter"]
[Black "Rzoczek, Christoph"]
[Result "1/2-1/2"]
[WhiteElo "1867"]
[BlackElo "1564"]
[PlyCount "120"]
[EventDate "2016.09.04"]
[EventType "team-tourn"]
[EventRounds "9"]
[EventCountry "GER"]
[SourceTitle "EXT 2022"]
[Source "ChessBase"]
[SourceDate "2021.10.06"]
[SourceVersion "1"]
[SourceVersionDate "2021.10.06"]
[SourceQuality "1"]
[WhiteTeam "Wanne-Eickel SV Unser Fritz"]
[BlackTeam "Dortmund FS"]
[WhiteTeamCountry "GER"]
[BlackTeamCountry "GER"]

1. d4 Nf6 2. Nf3 c6 3. e3 d5 4. Bd3 Nbd7 5. Nbd2 Qc7 6. 0-0 g6 7. c4 Bg7 8. b3 e5 9. dxe5 Nxe5 10. Nxe5 Qxe5 11. Rb1 0-0 12. Bb2 Qc7 13. cxd5 Nxd5 14. Bxg7 Kxg7 15. Qc2 Qe5 16. a3 Rd8 17. Rfe1 Qc3 18. Nf1 Be6 19. Rbc1 Qxc2 20. Bxc2 Rd7 21. Red1 Rad8 22. g3 Nc3 23. Re1 Bg4 24. Kg2 Nb5 25. Ra1 a6 26. h3 Be6 27. a4 Nc7 28. e4 Rd4 29. Red1 b5 30. Rxd4 Rxd4 31. Rd1 c5 32. Rxd4 cxd4 33. Nd2 Bd7 34. f4 Ne6 35. axb5 Bxb5 36. Nf3 d3 37. Bd1 Nc5 38. Nd2 Bc6 39. Bf3 Bb5 40. Kf2 Bd7 41. g4 a5 42. Ke3 f5 43. exf5 gxf5 44. Kd4 fxg4 45. hxg4 Ne6+ 46. Ke5 Nf8 47. f5 a4 48. bxa4 Bxa4 49. g5 Nd7+ 50. Ke6 Kf8 51. Bd5 Nb6 52. Ba2 Nd7 53. Kd6 Kg7 54. Bc4 h6 55. g6 Nf8 56. Bxd3 Nxg6 57. Nf3 Nf4 58. Be4 Kf6 59. Ne5 h5 60. Nf3 Be8 1/2-1/2

[Event "Ruhrgebiet Verbandsliga Gruppe 2 1516"]
[Site "Germany"]
[Date "2016.04.24"]
[Round "9.7"]
[White "Dlouhy, Peter"]
[Black "Wirthmann, Stefan"]
[Result "1-0"]
[WhiteElo "1856"]
[BlackElo "1759"]
[PlyCount "53"]
[EventDate "2015.09.06"]
[EventType "team-tourn"]
[EventRounds "9"]
[EventCountry "GER"]
[SourceTitle "EXT 2022"]
[Source "ChessBase"]
[SourceDate "2021.10.06"]
[SourceVersion "1"]
[SourceVersionDate "2021.10.06"]
[SourceQuality "1"]
[WhiteTeam "Wanne-Eickel SV Unser Fritz"]
[BlackTeam "Brambauer"]
[WhiteTeamCountry "GER"]
[BlackTeamCountry "GER"]

1. d4 Nf6 2. Nf3 e6 3. Bg5 c5 4. c3 Qb6 5. Qb3 Nc6 6. Nbd2 d5 7. e3 Bd7 8. Be2 Be7 9. Qc2 cxd4 10. exd4 Rc8 11. Qb3 Qc7 12. Bh4 0-0 13. Bg3 Bd6 14. 0-0 b5 15. Bxd6 Qxd6 16. Bxb5 Rb8 17. Qa4 Rxb5 18. Qxb5 Nxd4 19. Qb4 Qxb4 20. cxb4 Nc2 21. Rac1 Nxb4 22. Ne5 Bb5 23. Rfe1 Rd8 24. a3 Nd3 25. Nxd3 Bxd3 26. Re3 Bg6 27. Rec3 1-0

[Event "Ruhrgebiet Verbandsliga Gruppe 2 1516"]
[Site "Germany"]
[Date "2016.02.21"]
[Round "7"]
[White "Dlouhy, Peter"]
[Black "Blank, Stephan"]
[Result "1/2-1/2"]
[WhiteElo "1840"]
[BlackElo "1884"]
[PlyCount "88"]
[EventDate "2015.09.06"]
[EventType "team-tourn"]
[EventRounds "9"]
[EventCountry "GER"]
[SourceTitle "EXT 2022"]
[Source "ChessBase"]
[SourceDate "2021.10.06"]
[SourceVersion "1"]
[SourceVersionDate "2021.10.06"]
[SourceQuality "1"]
[WhiteTeam "Wanne-Eickel SV Unser Fritz"]
[BlackTeam "Essen Werden"]
[WhiteTeamCountry "GER"]
[BlackTeamCountry "GER"]

1. d4 Nf6 2. Nf3 g6 3. Nc3 Bg7 4. e4 d6 5. Bc4 0-0 6. Qe2 Nc6 7. e5 dxe5 8. dxe5 Ng4 9. e6 f5 10. Bf4 Nd4 11. Nxd4 Qxd4 12. Nd5 Kh8 13. c3 Qc5 14. 0-0 Bxe6 15. Qxe6 Qxc4 16. Bxc7 Rac8 17. Bg3 Rf6 18. Qd7 Rf7 19. Rfe1 Nf6 20. Nxf6 exf6 21. Re8+ Rxe8 22. Qxe8+ Rf8 23. Qe3 Qe4 24. Qd2 Re8 25. f3 Qc6 26. Rd1 Bf8 27. Bf2 Bc5 28. Bxc5 Qxc5+ 29. Qd4 Qxd4+ 30. Rxd4 Re7 31. Kf2 Kg7 32. c4 Kf7 33. c5 Ke8 34. b4 Re6 35. Rh4 h5 36. Rd4 Ra6 37. Rd2 Ra4 38. Rb2 Kd7 39. Ke3 Kc6 40. Kd3 Kb5 41. Kc3 Ra3+ 42. Kd4 Ra4 43. Kc3 a6 44. f4 h4 1/2-1/2

[Event "Ruhrgebiet VK3 1213"]
[Site "Nordrheinwestfalen"]
[Date "2013.02.03"]
[Round "6"]
[White "Buechle, Manfred"]
[Black "Dlouhy, Peter"]
[Result "1-0"]
[WhiteElo "1828"]
[BlackElo "1919"]
[PlyCount "67"]
[EventDate "2012.09.02"]
[EventType "team-tourn"]
[EventRounds "9"]
[EventCountry "GER"]
[SourceTitle "EXT 2020"]
[Source "ChessBase"]
[SourceDate "2019.10.17"]
[SourceVersion "1"]
[SourceVersionDate "2019.10.17"]
[SourceQuality "1"]
[WhiteTeam "Eichlinghofen SV II"]
[BlackTeam "Unser Fritz"]
[WhiteTeamCountry "GER"]
[BlackTeamCountry "GER"]

1. e4 d6 2. d4 Nf6 3. Nc3 g6 4. f4 Bg7 5. Nf3 c5 6. dxc5 Qa5 7. Bb5+ Bd7 8. Bxd7+ Nbxd7 9. 0-0 Qxc5+ 10. Kh1 0-0 11. Qe2 Rfc8 12. Bd2 a6 13. a3 b5 14. e5 Nd5 15. e6 Nxc3 16. Bxc3 Bxc3 17. exd7 Rd8 18. bxc3 Rxd7 19. a4 bxa4 20. Rxa4 a5 21. c4 Rb7 22. Rfa1 Rab8 23. g3 Qf5 24. Rxa5 Qh3 25. Ng1 Rb1 26. Ra8 Kg7 27. R8a3 Qc8 28. Rxb1 Rxb1 29. Kg2 Qc5 30. Qe3 Qc6+ 31. Nf3 e6 32. Qd4+ Kh6 33. Rb3 Rc1 34. Qd2 1-0

[Event "Ruhrgebiet VK2 0910"]
[Site "Ruhrgebiet"]
[Date "2009.12.06"]
[Round "4.6"]
[White "Dlouhy, Peter"]
[Black "Seppelfricke, Guido"]
[Result "1-0"]
[WhiteElo "1889"]
[BlackElo "1814"]
[PlyCount "183"]
[EventDate "2009.09.06"]
[EventType "team"]
[EventRounds "9"]
[EventCountry "GER"]
[SourceTitle "EXT 2011"]
[Source "ChessBase"]
[SourceDate "2010.11.26"]
[SourceVersion "1"]
[SourceVersionDate "2010.11.26"]
[SourceQuality "1"]
[WhiteTeam "Unser Fritz"]
[BlackTeam "Buer"]
[WhiteTeamCountry "GER"]
[BlackTeamCountry "GER"]

1. d4 d5 2. Nf3 Nf6 3. Bf4 e6 4. e3 c5 5. c3 Nc6 6. Bd3 cxd4 7. exd4 Bd6 8. Bxd6 Qxd6 9. Nbd2 0-0 10. 0-0 h6 11. Re1 Qf4 12. g3 Qg4 13. Ne5 Qxd1 14. Raxd1 Nxe5 15. Rxe5 b6 16. f4 g6 17. Kg2 Kg7 18. Rde1 a5 19. h3 h5 20. Kf3 Bd7 21. Rg1 Rh8 22. Re2 Rag8 23. Reg2 Kf8 24. Ke3 Ke7 25. Nf3 Be8 26. Re2 Nd7 27. Rge1 f6 28. Kd2 Bf7 29. c4 Kd6 30. cxd5 Kxd5 31. b3 Re8 32. Bb5 Kd6 33. Kd3 Rc8 34. Nd2 h4 35. g4 Rhd8 36. Nc4+ Kc7 37. Ke3 Nf8 38. Rc1 Kb7 39. Rec2 Ka7 40. Nd2 Rxc2 41. Rxc2 Kb7 42. Nf3 Nh7 43. Bd3 f5 44. g5 Rh8 45. Ne5 Be8 46. a4 Nf8 47. Bf1 Rh7 48. Bg2+ Kb8 49. Kd3 Rc7 50. Rxc7 Kxc7 51. Nf3 b5 52. axb5 Bxb5+ 53. Kd2 a4 54. bxa4 Bxa4 55. Nxh4 Kd6 56. Bf3 Be8 57. Ng2 Ke7 58. Kc3 Kd6 59. Ne3 Bf7 60. Nc4+ Ke7 61. Kb4 Be8 62. h4 Nd7 63. Bc6 Nf8 64. Bxe8 Kxe8 65. Ne5 Kd8 66. Kb5 Kc7 67. Kc4 Kd6 68. Nd3 Nd7 69. Nb4 Nb6+ 70. Kb5 Nc8 71. Kc4 Ne7 72. Kd3 Kd7 73. Ke3 Kd6 74. Kf3 Kd7 75. Kg3 Ke8 76. Nd3 Kf7 77. Ne5+ Kg7 78. Nd7 Nd5 79. Kf3 Ne7 80. Nf6 Nc6 81. Ke3 Nb4 82. h5 gxh5 83. Nxh5+ Kg6 84. Nf6 Nc2+ 85. Kd3 Ne1+ 86. Kd2 Ng2 87. d5 exd5 88. Nxd5 Nh4 89. Ke3 Ng2+ 90. Kf3 Ne1+ 91. Kg3 Nd3 92. Ne7+ 1-0

[Event "Ruhrgebiet VK2 0910"]
[Site "Ruhrgebiet"]
[Date "2009.10.04"]
[Round "2.6"]
[White "Dlouhy, Peter"]
[Black "Bury, Tobias"]
[Result "1-0"]
[WhiteElo "1889"]
[BlackElo "1894"]
[PlyCount "61"]
[EventDate "2009.09.06"]
[EventType "team"]
[EventRounds "9"]
[EventCountry "GER"]
[SourceTitle "EXT 2011"]
[Source "ChessBase"]
[SourceDate "2010.11.26"]
[SourceVersion "1"]
[SourceVersionDate "2010.11.26"]
[SourceQuality "1"]
[WhiteTeam "Unser Fritz"]
[BlackTeam "Essen Werden"]
[WhiteTeamCountry "GER"]
[BlackTeamCountry "GER"]

1. d4 d5 2. Nf3 Nf6 3. Bf4 c5 4. c3 cxd4 5. Nxd4 Nc6 6. e3 Qb6 7. Qb3 Qxb3 8. axb3 Nxd4 9. exd4 Bf5 10. Bb5+ Bd7 11. Bd3 Nh5 12. Be3 g6 13. Nd2 Bg7 14. Nf3 f6 15. h3 e5 16. Bf1 e4 17. Nd2 f5 18. g3 0-0 19. Bg5 Rfe8 20. Be2 e3 21. Nf1 exf2+ 22. Kxf2 Nf6 23. Bxf6 Bxf6 24. Bf3 Bc6 25. Ne3 Rad8 26. Rhe1 h5 27. Ng2 Kf7 28. Nf4 Bg5 29. Ne6 Bf6 30. Nxd8+ Bxd8 31. Re5 1-0

[Event "Ruhrgebiet VK2 0001"]
[Site "Ruhrgebiet"]
[Date "2001.03.18"]
[Round "7"]
[White "Dlouhy, Peter"]
[Black "Czarnik, Jozef"]
[Result "1/2-1/2"]
[WhiteElo "1836"]
[BlackElo "1907"]
[PlyCount "83"]
[EventDate "2000.09.17"]
[EventType "team-tourn"]
[EventRounds "9"]
[EventCountry "GER"]
[SourceTitle "EXT 2023"]
[Source "ChessBase"]
[SourceDate "2022.10.05"]
[SourceVersion "1"]
[SourceVersionDate "2022.10.05"]
[SourceQuality "1"]
[WhiteTeam "Neu Herne Zeppelin"]
[BlackTeam "Haltern"]
[WhiteTeamCountry "GER"]
[BlackTeamCountry "GER"]

1. d4 d5 2. e3 Nf6 3. Bd3 c5 4. c3 Nc6 5. f4 Bg4 6. Nf3 Bxf3 7. Qxf3 e6 8. 0-0 Be7 9. Nd2 0-0 10. Qh3 Qb6 11. Kh1 Rac8 12. g4 g6 13. Rf3 Kg7 14. Qg2 Nd8 15. Rh3 Rh8 16. Nf1 Ng8 17. Ng3 Kf8 18. f5 g5 19. fxe6 Nxe6 20. Rxh7 Rxh7 21. Bxh7 Nf6 22. Bf5 Kg7 23. e4 dxe4 24. Nxe4 cxd4 25. Nxg5 dxc3 26. bxc3 Qc6 27. Nf3 Qd6 28. Qd2 Rh8 29. Qxd6 Bxd6 30. Kg2 Nf4+ 31. Bxf4 Bxf4 32. Rb1 b6 33. Rb4 Bd6 34. Rd4 Bc5 35. Rd3 Re8 36. Kf1 Re7 37. h3 Ne8 38. Nd4 a5 39. Nc6 Re3 40. Rxe3 Bxe3 41. Ke2 Bc5 42. Bd3 1/2-1/2

[Event "Ruhrgebiet VK2 0001"]
[Site "Ruhrgebiet"]
[Date "2000.11.19"]
[Round "3"]
[White "Landau, Christian"]
[Black "Dlouhy, Peter"]
[Result "1-0"]
[WhiteElo "2019"]
[BlackElo "1836"]
[PlyCount "47"]
[EventDate "2000.09.17"]
[EventType "team-tourn"]
[EventRounds "9"]
[EventCountry "GER"]
[SourceTitle "EXT 2023"]
[Source "ChessBase"]
[SourceDate "2022.10.05"]
[SourceVersion "1"]
[SourceVersionDate "2022.10.05"]
[SourceQuality "1"]
[WhiteTeam "Steele/Kray Rochade"]
[BlackTeam "Neu Herne Zeppelin"]
[WhiteTeamCountry "GER"]
[BlackTeamCountry "GER"]

1. e4 d6 2. d4 Nf6 3. Nc3 g6 4. g3 Bg7 5. Bg2 0-0 6. Nge2 c6 7. a4 e5 8. h3 Nh5 9. g4 Nf6 10. Be3 Be6 11. 0-0 h5 12. g5 Nh7 13. h4 f6 14. dxe5 dxe5 15. Qxd8 Rxd8 16. f4 Bc4 17. f5 Kf7 18. Rf2 Rg8 19. Ng3 Bf8 20. b3 Ba6 21. fxg6+ Kxg6 22. Bf3 fxg5 23. Bxh5+ Kg7 24. Bf7 1-0

[Event "Ruhrgebiet VK2 0001"]
[Site "Ruhrgebiet"]
[Date "2000.09.17"]
[Round "1"]
[White "Dlouhy, Peter"]
[Black "Eggenstein, Frank"]
[Result "1/2-1/2"]
[WhiteElo "1836"]
[BlackElo "2003"]
[PlyCount "77"]
[EventDate "2000.09.17"]
[EventType "team-tourn"]
[EventRounds "9"]
[EventCountry "GER"]
[SourceTitle "EXT 2023"]
[Source "ChessBase"]
[SourceDate "2022.10.05"]
[SourceVersion "1"]
[SourceVersionDate "2022.10.05"]
[SourceQuality "1"]
[WhiteTeam "Neu Herne Zeppelin"]
[BlackTeam "Recklinghausen Laeufer Ost"]
[WhiteTeamCountry "GER"]
[BlackTeamCountry "GER"]

1. d4 f5 2. Nc3 d5 3. Nf3 Nf6 4. Bf4 e6 5. e3 c6 6. Bd3 Nbd7 7. 0-0 Be7 8. Ne5 0-0 9. h3 Nxe5 10. Bxe5 Nd7 11. f4 b6 12. Ne2 b5 13. a3 Nb6 14. b3 a5 15. Rf3 Rf7 16. g4 Bd7 17. Ng3 g6 18. Qf1 Qf8 19. Bc7 Nc8 20. a4 b4 21. Be5 Nd6 22. g5 Ne4 23. Qg2 Bd6 24. Bxd6 Qxd6 25. h4 Nxg3 26. Rxg3 Rg7 27. Rd1 Rc8 28. Be2 c5 29. Rd2 c4 30. h5 cxb3 31. cxb3 Rc3 32. hxg6 hxg6 33. Bd1 Rh7 34. Rh3 Rxh3 35. Qxh3 Qxf4 36. exf4 Rxh3 37. Kg2 Rc3 38. Kf2 Bc8 39. Rc2 1/2-1/2